Top 200 Joueurs de tennis ATP depuis 1990 - Statistiques

Statistiques générales
  • Ce quiz a été pris 58 fois
    25 depuis la dernière actualisation
  • Le résultat moyen est 119 sur 201
Statistiques - réponses
Pays Points Jetpunk Pts JP
GC
Pts JP
Masters
Pts JP
M1000
Pts JP
Autre
Joueur % Correct
GER 281 71 30 110 70 Alexander ZVEREV
100%
USA 554 244 33 188 89 Andre AGASSI
100%
UKR 97 26 2 41 28 Andrei MEDVEDEV
100%
GBR 480 178 22 182 98 Andy MURRAY
100%
CRO 46 4 0 22 20 Borna CORIC
100%
ESP 277 137 9 80 51 Carlos ALCARAZ
100%
NOR 111 31 9 33 38 Casper RUUD
100%
RUS 243 79 20 85 59 Daniil MEDVEDEV
100%
ESP 261 60 10 81 110 David FERRER
100%
FRA 129 35 0 31 63 Gael MONFILS
100%
ITA 253 107 29 69 48 Jannik SINNER
100%
JPN 150 44 5 43 58 Kei NISHIKORI
100%
RUS 166 71 4 61 30 Marat SAFIN
100%
CRO 176 74 2 31 69 Marin CILIC
100%
SRB 1257 587 97 457 116 Novak DJOKOVIC
100%
USA 634 294 67 158 115 Pete SAMPRAS
100%
ESP 1064 473 25 425 141 Rafael NADAL
100%
FRA 123 33 1 33 56 Richard GASQUET
100%
SUI 1148 503 101 365 179 Roger FEDERER
100%
SUI 204 104 7 45 48 Stanislas WAWRINKA
100%
AUS 80 21 1 12 46 Alex DE MINAUR
93%
USA 273 91 8 93 81 Andy RODDICK
93%
GER 271 85 36 77 73 Boris BECKER
93%
BEL 71 17 5 20 29 David GOFFIN
93%
CAN 80 17 3 20 40 Felix AUGER ALIASSIME
93%
CRO 225 68 8 60 89 Goran IVANISEVIC
93%
BUL 123 32 11 44 36 Grigor DIMITROV
93%
ARG 87 20 1 42 24 Guillermo CORIA
93%
BRA 183 61 11 74 37 Gustavo KUERTEN
93%
DEN 56 11 1 29 15 Holger RUNE
93%
POL 67 10 0 36 21 Hubert HURKACZ
93%
CZE/USA 104 40 5 12 47 Ivan LENDL
93%
AUS 250 93 27 64 66 Lleyton HEWITT
93%
CHI 134 22 0 66 46 Marcelo RIOS
93%
SWE 247 98 9 79 61 Stefan EDBERG
93%
GRE 169 41 12 67 49 Stefanos TSITSIPAS
93%
AUT 202 39 2 85 76 Thomas MUSTER
93%
FRA 163 56 6 52 49 Wilfried TSONGA
93%
RUS 137 27 4 44 62 Andrei RUBLEV
86%
GBR 46 9 0 12 25 Cameron NORRIE
86%
ESP 180 43 12 57 68 Carlos MOYA
86%
CAN 45 10 0 13 22 Denis SHAPOVALOV
86%
AUT 152 59 13 32 48 Dominic THIEM
86%
FRA 82 13 2 23 44 Gilles SIMON
86%
USA 251 118 11 70 52 Jim COURIER
86%
USA 110 15 0 46 49 John ISNER
86%
ESP 165 56 7 54 48 Juan Carlos FERRERO
86%
FRA 33 9 0 5 19 Lucas POUILLE
86%
ITA 65 26 1 8 30 Matteo BERRETTINI
86%
FRA 72 28 5 22 17 Sebastien GROSJEAN
86%
USA 91 25 8 27 31 Taylor FRITZ
86%
CZE 205 69 6 76 54 Tomas BERDYCH
86%
FRA 34 3 0 7 24 Ugo HUMBERT
86%
RUS 220 69 13 53 85 Yevgeny KAFELNIKOV
86%
ESP 97 29 1 33 34 Albert COSTA
79%
KAZ 39 5 0 4 30 Alexander BUBLIK
79%
USA 41 16 0 13 12 Ben SHELTON
79%
ZIM 22 5 0 1 16 Byron BLACK
79%
ESP 36 3 0 12 21 Carlos COSTA
79%
FRA 78 37 0 21 20 Cedric PIOLINE
79%
ARG 65 19 2 11 33 Gaston GAUDIO
79%
RUS 66 22 0 24 20 Karen KHACHANOV
79%
ITA 44 14 1 10 19 Lorenzo MUSETTI
79%
ARG 191 58 9 46 78 Martin DEL POTRO
79%
USA 247 54 9 92 92 Michael CHANG
79%
GER 158 56 11 39 52 Michael STICH
79%
CAN 127 40 2 46 39 Milos RAONIC
79%
AUS 59 18 0 12 29 Nick KYRGIOS
79%
RUS 148 32 20 44 52 Nikolay DAVYDENKO
79%
ESP 60 17 0 16 27 Pablo CARRENO BUSTA
79%
AUS 142 66 2 42 32 Patrick RAFTER
79%
CZE 119 36 0 36 47 Petr KORDA
79%
SWE 85 26 3 19 37 Robin SODERLING
79%
USA 26 4 0 6 16 Sebastian KORDA
79%
GER 128 32 0 33 63 Tommy HAAS
79%
ESP 129 29 11 39 50 Alex CORRETJA
71%
FRA 36 19 0 3 14 Arnaud CLEMENT
71%
ITA 61 9 0 17 35 Fabio FOGNINI
71%
FRA 44 5 0 18 21 Fabrice SANTORO
71%
USA 40 17 0 8 15 Frances TIAFOE
71%
FRA 69 14 1 31 23 Guy FORGET
71%
RSA 80 29 2 16 33 Kevin ANDERSON
71%
ESP 73 18 0 15 40 Roberto BAUTISTA AGUT
71%
ESP 142 48 2 45 47 Sergi BRUGUERA
71%
USA 39 14 0 10 15 Tommy PAUL
71%
ECU 31 17 0 4 10 Andres GOMEZ
64%
ARG 129 38 14 50 27 David NALBANDIAN
64%
ARG 50 16 0 11 23 Diego SCHWARTZMAN
64%
ESP 73 16 0 17 40 Feliciano LOPEZ
64%
ESP 84 23 0 18 43 Fernando VERDASCO
64%
GBR 34 7 0 15 12 Jack DRAPER
64%
ITA 20 6 0 3 11 Lorenzo SONEGO
64%
CHY 45 19 0 5 21 Marcos BAGHDATIS
64%
ARG 24 8 0 2 14 Mariano PUERTA
64%
RUS 76 26 0 6 44 Mikhail YOUZHNY
64%
FRA 26 10 0 2 14 Nicolas ESCUDE
64%
CHI 20 2 0 6 12 Nicolas JARRY
64%
FRA 24 6 0 2 16 Paul Henri MATHIEU
64%
NED 144 43 3 48 50 Richard KRAJICEK
64%
ARG 24 0 0 0 24 Sebastian BAEZ
64%
SWE 116 18 5 46 47 Thomas ENQVIST
64%
SWE 70 29 0 15 26 Thomas JOHANSSON
64%
GBR 125 38 4 37 46 Tim HENMAN
64%
FRA 29 6 0 2 21 Adrian MANNARINO
57%
ESP 22 5 0 10 7 Alejandro DAVIDOVICH FOKINA
57%
FRA 21 4 0 3 14 Benoit PAIRE
57%
CHI 92 26 2 25 39 Fernando GONZALEZ
57%
ARG 25 3 0 9 13 Francisco CERUNDOLO
57%
CRO 89 8 2 38 41 Ivan LJUBICIC
57%
USA 30 2 2 14 12 Jack SOCK
57%
USA 70 11 5 18 36 James BLAKE
57%
CZE 21 6 0 3 12 Jiri LEHECKA
57%
USA 22 13 0 2 7 John MCENROE
57%
SUI 68 10 0 11 47 Marc ROSSET
57%
USA 62 10 0 23 29 Mardy FISH
57%
AUS 88 31 0 21 36 Mark PHILIPPOUSSIS
57%
GEO 25 1 0 4 20 Nikoloz BASILASHVILI
57%
CZE 51 5 0 20 26 Radek STEPANEK
57%
USA 112 47 1 17 47 Todd MARTIN
57%
RSA 116 29 2 40 45 Wayne FERREIRA
57%
SVK 48 15 0 13 20 Dominik HRBATY
50%
SRB 34 9 1 9 15 Janko TIPSAREVIC
50%
FIN 30 7 0 4 19 Jarkko NIEMINEN
50%
ARG 50 4 0 9 37 Juan MONACO
50%
SWE 58 17 0 10 31 Magnus NORMAN
50%
CRO 36 13 0 6 17 Mario ANCIC
50%
FRA 26 4 0 5 17 Michael LLODRA
50%
ESP 73 13 0 8 52 Nicolas ALMAGRO
50%
USA 20 1 0 7 12 Reilly OPELKA
50%
ESP 99 30 1 27 41 Tommy ROBREDO
50%
SRB 23 5 0 2 16 Viktor TROICKI
50%
ITA 28 6 0 4 18 Andreas SEPPI
43%
FRA 30 4 0 11 15 Arnaud BOETSCH
43%
ESP 62 10 0 20 32 Felix MANTILLA
43%
CAN/GBR 93 17 2 20 54 Greg RUSEDSKI
43%
CRO 44 6 0 5 33 Ivo KARLOVIC
43%
SWE 65 26 2 16 21 Jonas BJORKMAN
43%
THA 31 3 0 8 20 Paradorn SRICHAPHAN
43%
GER 51 12 0 5 34 Philipp KOHLSCHREIBER
43%
ESP 61 12 0 8 41 Alberto BERASATEGUI
36%
ESP 23 3 0 5 15 Albert RAMOS VINOLAS
36%
UKR 30 4 0 7 19 Alexandr DOLGOPOLOV
36%
RUS 41 3 0 31 7 Andrei CHESNOKOV
36%
ROM 38 6 0 19 13 Andrei PAVEL
36%
AUS 22 7 0 3 12 Bernard TOMIC
36%
CHI 21 4 0 3 14 Cristian GARIN
36%
ESP 44 5 0 21 18 Emilio SANCHEZ
36%
RUS 20 5 0 3 12 Igor ANDREEV
36%
CZE 49 8 1 14 26 Jiri NOVAK
36%
SWE 22 5 0 7 10 Jonas SVENSSON
36%
AUT 40 8 0 8 24 Jurgen MELZER
36%
CZE 45 9 0 10 26 Karel NOVACEK
36%
SVK 20 1 0 0 19 Martin KLIZAN
36%
BLR 26 5 0 12 9 Max MIRNYI
36%
GER 51 16 2 14 19 Rainer SCHUTTLER
36%
USA 53 13 0 4 36 Sam QUERREY
36%
BEL 30 12 0 1 17 Xavier MALISSE
36%
USA 34 4 0 7 23 Brad GILBERT
29%
LAT 34 9 0 8 17 Ernests GULBIS
29%
ARG 55 10 0 16 29 Guillermo CANAS
29%
MAR 20 7 0 8 5 Hicham ARAZI
29%
SUI 23 4 0 12 7 Jakob HLASEK
29%
FRA 23 4 0 7 12 Julien BENNETEAU
29%
ESP 21 4 0 3 14 Marcel GRANOLLERS
29%
GER 65 16 2 15 32 Nicolas KIEFER
29%
CHI 34 1 0 5 28 Nicolas MASSU
29%
URU 25 0 0 4 21 Pablo CUEVAS
29%
MAR 35 10 0 3 22 Younes EL AYNAOUI
29%
ISR 20 3 0 2 15 Amos MANSDORF
21%
ITA 20 1 0 5 14 Andrea GAUDENZI
21%
USA 39 14 0 10 15 David WHEATON
21%
RUS 21 2 0 1 18 Dmitry TURSUNOV
21%
ARG 43 8 0 8 27 Ignacio CHELA
21%
NED 28 4 0 3 21 Jan SIEMERINK
21%
SWE 62 4 0 13 45 Magnus GUSTAFSSON
21%
SWE 49 13 0 9 27 Magnus LARSSON
21%
USA 47 15 0 14 18 MaliVai WASHINGTON
21%
USA 24 3 0 10 11 Michael GAMBILL
21%
ECU 43 8 0 13 22 Nicolas LAPENTTI
21%
USA 22 8 0 8 6 Robby GINEPRI
21%
AUS 24 6 0 4 14 Todd WOODBRIDGE
21%
USA 24 5 0 10 9 Vincent SPADEA
21%
USA 31 12 0 10 9 Aaron KRICKSTEIN
14%
ARG 27 0 0 7 20 Agustin CALLERI
14%
RUS 21 7 0 4 10 Andrei CHERKASOV
14%
GER 23 6 0 3 14 Florian MAYER
14%
PER 24 5 0 3 16 Jaime YZAGA
14%
SVK 41 9 0 6 26 Karol KUCERA
14%
ARG 27 4 0 9 14 Mariano ZABALETA
14%
AUS 24 8 0 2 14 Mark WOODFORDE
14%
NED 22 4 0 6 12 Paul HAARHUIS
14%
NED 44 13 0 5 26 Sjeng SCHALKEN
14%
ESP 24 2 0 2 20 Albert MONTANES
7%
RUS 32 10 0 7 15 Alexander VOLKOV
7%
CZE 20 2 0 5 13 Bohdan ULIHRACH
7%
ESP 36 4 0 5 27 Francisco CLAVET
7%
ARG 20 5 0 3 12 Franco SQUILLARI
7%
AUS 28 6 0 6 16 Jason STOLTENBERG
7%
ARG 24 1 0 6 17 Jose ACASUSO
7%
USA 23 2 0 7 14 Richey RENEBERG
7%
ESP 20 0 0 0 20 Jordi ARRESE
0%
Aucun quiz correspondant
Distribution des résultats
% des personnes avec chaque résultat
Percentile par nombre de réponses
Votre historique - résultats
Vous n’avez pas pris ce quiz depuis la dernière actualisation